header

The change cycle (Record no. 57120)

MARC details
000 -LEADER
fixed length control field 01435nam a2200385 a 4500
082 04 - DEWEY DECIMAL CLASSIFICATION NUMBER
Classification number 650.1
100 1# - MAIN ENTRY--AUTHOR NAME
Personal name Salerno, Ann,
245 14 - TITLE STATEMENT
Title The change cycle
250 ## - EDITION STATEMENT
Edition statement 1st ed.
260 ## - PUBLICATION, DISTRIBUTION, ETC. (IMPRINT)
Place of publication San Francisco :
Name of publisher Berrett-Koehler Publishers,
Year of publication c2008.
300 ## - PHYSICAL DESCRIPTION
Number of Pages xi, 199 p. :
Other physical details ill.
500 ## - GENERAL NOTE
General note "A BK Business book."
General note Includes index.
650 #0 - SUBJECT ADDED ENTRY--TOPICAL TERM
Topical Term Organizational change.
Topical Term Change (Psychology)
Topical Term Social integration.
Topical Term Self-realization.
Topical Term Satisfaction.
700 1# - ADDED ENTRY--PERSONAL NAME
Personal name Brock, Lillie,
856 40 - ELECTRONIC LOCATION AND ACCESS
Uniform Resource Identifier http://site.ebrary.com/lib/rucke/Doc?id=10315434

No items available.

© 2026 Rongo University
Contact us: librarian | system librarian | Rongo university